La economía Argentina (Registro nro. 5049)
[ vista simple ]
| 000 -LEADER | |
|---|---|
| fixed length control field | 01961 a2200241 4500 |
| 001 - CONTROL NUMBER | |
| control field | 53040 |
| 005 - DATE AND TIME OF LATEST TRANSACTION | |
| control field | 20260407155804.0 |
| 008 - FIXED-LENGTH DATA ELEMENTS--GENERAL INFORMATION | |
| fixed length control field | 260407a2004 arg spa d |
| 003 - CONTROL NUMBER IDENTIFIER | |
| control field | AR-UNSa-BCEJYS |
| 040 ## - CATALOGING SOURCE | |
| Original cataloging agency | AR-UNSa-BCEJYS |
| Language of cataloging | spa |
| Transcribing agency | AR-UNSa-BCEJYS |
| 080 ## - UNIVERSAL DECIMAL CLASSIFICATION NUMBER | |
| Universal Decimal Classification number | 330(82) |
| Common auxiliary subdivision | Economia Argentina |
| 020 ## - INTERNATIONAL STANDARD BOOK NUMBER | |
| International Standard Book Number | 950-557-619-6 |
| 041 ## - LANGUAGE CODE | |
| Language code of text/sound track or separate title | spa |
| 100 1# - MAIN ENTRY--PERSONAL NAME | |
| Personal name | Ferrer, Aldo |
| 245 10 - TITLE STATEMENT | |
| Title | La economía Argentina |
| Remainder of title | Desde sus orígenes hasta principios del siglo XXI |
| Name of part/section of a work | Desde sus orígenes hasta principios del siglo XXI |
| 250 ## - EDITION STATEMENT | |
| Edition statement | 3a. ed. |
| 264 #1 - PRODUCTION, PUBLICATION, DISTRIBUTION, MANUFACTURE, AND COPYRIGHT NOTICE | |
| Place of production, publication, distribution, manufacture | Buenos Aires : |
| Name of producer, publisher, distributor, manufacturer | Fondo de Cultura Económica |
| Date of production, publication, distribution, manufacture, or copyright notice | 2004 |
| 300 ## - PHYSICAL DESCRIPTION | |
| Extent | 382 p. |
| Dimensions | 23 cm. |
| 505 ## - FORMATTED CONTENTS NOTE | |
| Formatted contents note | 1. Las vísperas de la globalización - 2. Formación de la economía colonial americana - 3. Las economías regionales de subsistencia del actual territorio argentino - 4. Estructura y dinámica dl sistema - 5. El puerto de Buenos Aires como intermedio comercial - 6. Expansión de la ganadería - 7. El desarrollo del Litoral - 8. El estancamiento del interior - 9. La Revolución Industrial y la integración de la economía mundial -10. El poder económico y el sistema político - 11. Régimen económico y el suistema político - 13. Vulnerabilidada y ajuste - 13. quiebra del equilibrio interregional - 14. La economía mundial:de la crisis de 1930 al período dorado - 15. Las nuevas condiciones del desarrollo - 16. La política económica - 17. Estructura y dinámica del sistema - 18. Consolidación del desequilibrio interregional - 19. Tendencias recientes de la globalización - 20. La política económica - 20.La política económica - 21. Estructura y dinámica del sistema - 22. Las regiones y el país - 23. Acerca de la globalización, el desarrollo y densidad nacional - 24. La economía argentina a principios del siglo XXI |
| 590 ## - LOCAL NOTE (RLIN) | |
| Local note | niveau_biblio:m niveau_hierar:0 |
| 856 41 - ELECTRONIC LOCATION AND ACCESS | |
| Uniform Resource Identifier | <a href="https://www.biblioeco.unsa.edu.ar/pmb/images/libros/L128394.jpg">https://www.biblioeco.unsa.edu.ar/pmb/images/libros/L128394.jpg</a> |
| Link text | Imagen de portada |
| Electronic format type | image/jpeg |
| 942 ## - ADDED ENTRY ELEMENTS (KOHA) | |
| Koha item type | |
| Withdrawn status | Lost status | Damaged status | Not for loan | Home library | Current library | Shelving location | Date acquired | Total checkouts | Full call number | Barcode | Date last seen | Price effective from | Koha item type | Public note |
|---|---|---|---|---|---|---|---|---|---|---|---|---|---|---|
| Biblioteca Prof. Eusebio Cleto del Rey | Biblioteca Prof. Eusebio Cleto del Rey | 07/04/2026 | 330(82) F382e 3ed. | L128394 | 07/04/2026 | 07/04/2026 | Libro | LÁPIZ - |